000 01235nam a22002657a 4500
005 20170123164149.0
010 _aA-878507
020 _c250.00
_a8173803072
035 _aA-878507
037 _bCen Lib/Ret
040 _aDPL
_bPN
082 _a
_bਗੁਰਬ
100 _aਗੁਰਬ਼ਖਸ਼ ਸਿੰਘ
_9138095
245 _aਗੁਰਬ਼ਖਸ਼ ਸਿੰਘ ਪ੍ਰੀਤਲੜੀ ਦੀਆਂ ਚੋਣਵੀਆਂ ਕਹਾਣੀਆਂ /
_cਗੁਰਬ਼ਖਸ਼ ਸਿੰਘ : ਸੰਪਾਦਕ ਗੁਰਚਰਨ ਸਿੰਘ ਅਰਸ਼ੀ
246 _aGurbakhsh Singh Pritlari chonvian kahanian /
_bby Gurbakhsh Singh Pritlari; edited by Gurcharan Singh Arshi
260 _aਪਟਿਆਲਾ
_bਪਬਲੀਕੇਸ਼ਨ ਬਿਊਰੋ
_c1997
270 _aਪੰਜਾਬੀ ਯੂਨੀਵਰਸਿਟੀ
_bਪਟਿਆਲਾ
300 _a510p.
_c22cm(Hb)
650 _a ਸਾਹਿਤ--ਪੰਜਾਬੀ
_9138096
650 _aਪੰਜਾਬੀ -- ਕਹਾਣੀਆਂ
_9138097
650 _a Literature--Punjabi
_9138098
650 _aPunjabi -- Story
_9138099
700 _aਅਰਸ਼ੀ, ਗੁਰਬ਼ਖਸ਼ ਸਿੰਘ
_951841
942 _2ddc
_cPN
_h
_mਗੁਰਬ
999 _c110232
_d110232